• 首页
  • 本馆介绍
  • 公告通知
  • 最新文献
  • 馆藏检索
  • 电子资源
  • 读者导购
  • 参考咨询
  • 我的图书馆
  • 登录
  • 详细信息显示
  • 放入我的书架
  • 预约/预借图书
  • 作者相关作品
  • 分类相关作品
  • 丛书相关作品
  • 出版社相关作品

书目信息

  • 表格格式
  • 工作单格式
  • 卡片格式
题名:
走进新能源汽车
    
 
作者: 景平利 , 罗雪虎 , 高磊 主编
分册:  
出版信息: 北京   机械工业出版社  2021.5
页数: 169页
开本: 29cm
丛书名:
单 册:
中图分类: U469.7
科图分类:
主题词: 新能源--汽车--职业教育--教材
电子资源:
ISBN: 978-7-111-55549-0
000 01159nam0 2200289 45
001 012001001310
005 20140913141137.0
010    @a978-7-111-55549-0@dCNY44.90
090    @aU469.7@bjpl
096    @aU469.7@bjpl
100    @a20170316d2017 em y0chiy50 ea
101 0  @achi
102    @aCN@b110000
105    @aa z 000yy
106    @ar
200 1  @a走进新能源汽车@Azou jin xin neng yuan qi che@b专著@f景平利,罗雪虎,高磊主编
210    @a北京@c机械工业出版社@d2021.5
215    @a169页@c图@d29cm
300    @a“十三五”职业教育新能源汽车专业“互联网+”创新教材
330    @a本书共11个部分,重点介绍了有关新能源汽车的基础知识,主要包括新能源汽车的发展历程、新能源汽车的特点、国家推动新能源汽车的政策和补贴、新能源汽车的种类和车型,并结合纯电动汽车、混合动力汽车和燃料电池汽车从结构组成、工作原理、技术重点等全方位进行了介绍,并简要介绍了如何购买和使用新能源汽车及其未来的发展趋势。
606 0  @a新能源@x汽车@x职业教育@j教材
690    @aU469.7@v5
701  0 @a景平利@4主编@Ajing ping li
701  0 @a罗雪虎@4主编@Aluo xue hu
701  0 @a高磊@4主编@Agao lei
801  0 @aCN@bBJSDL@c20211011
905    @b1333873-6@dU469.7@e1046@f4
    
    走进新能源汽车/景平利,罗雪虎,高磊主编.-北京:机械工业出版社,2021.5
    169页:图;29cm
    “十三五”职业教育新能源汽车专业“互联网+”创新教材
    
    ISBN 978-7-111-55549-0:CNY44.90
    本书共11个部分,重点介绍了有关新能源汽车的基础知识,主要包括新能源汽车的发展历程、新能源汽车的特点、国家推动新能源汽车的政策和补贴、新能源汽车的种类和车型,并结合纯电动汽车、混合动力汽车和燃料电池汽车从结构组成、工作原理、技术重点等全方位进行了介绍,并简要介绍了如何购买和使用新能源汽车及其未来的发展趋势。
●
相关链接 在E读中查询图书 在五车中查询图书 在当当中查询图书 在豆瓣中查询图书


正题名:走进新能源汽车     索取号:U469.7/1046         预约/预借

序号 登录号 条形码 馆藏地/架位号 状态 备注
1 1333873   213338734   第二样本阅览室/ [索取号:U469.7/1046] 在馆    
2 1333874   213338743   第三借阅区/ [索取号:U469.7/1046] 在馆    
3 1333875   213338752   第三借阅区/ [索取号:U469.7/1046] 在馆    
4 1333876   213338761   第三借阅区/ [索取号:U469.7/1046] 在馆    
唐山师范学院图书馆 欢迎您!
大连网信软件有限公司© 版权所有